Quizzes
Events
Quiz Creation
Community
Videos
Private Events
Remove Ads
Sign In
Join for FREE
Feedback
Dark Mode
Quiz Categories
Sports
Geography
Music
Movies
Television
Just For Fun
Miscellaneous
History
Literature
Language
Science
Gaming
Entertainment
Religion
Holiday
For Kids
Quiz Lab
Recent
Popular Today
Quiz Kudos Today
Editor Picks
Curator Picks
Quizzes by...
Day
Popularity
Type
Ratings
Length
Year
Community
Subscriptions
Recent Discussions
Orange Saloon
Badges
Playlists
Quests
Create
Leaderboards
Showdown
Live 5
Trivia Bingo
Activity
Puzzle Library
Sporcle Events
Private Events
Virtual Trivia
Globe League
Become a Host
Pub Owners
SporcleCon
Opinionation
Our Games
Videos
Blog
Mobile Apps
Partnerships
Remove Ads and Go Orange
Feedback
Miscellaneous
Crossword
General Knowledge
Baby Names
Logo
Food
Cars
Numbers
Grab Bag
University
College
Popular
Company
Slogans
Restaurants
Justice
Letter
Miscellaneous
Crossword
General Knowledge
Baby Names
Logo
Food
Cars
Numbers
Grab Bag
University
College
Popular
Company
Slogans
Restaurants
Justice
Letter
Random Quiz
Search Sporcle
×
Quiz Lab
Quiz Lab
Miscellaneous
initial
Type in answers that appear in a list
Type in answers that appear in a list
Classic
Best Score? Go Orange.
2016 Baby Names Boy/Boy Twins Stats
Can you name the 2016 Baby Names Boy/Boy Twins?
By
Winter7
10m
100 Questions
265 Plays
265 Plays
265 Plays
Comments
Comments
Give Quiz Kudos
Give Quiz Kudos
-
- Ratings
hide this ad
Replay
Link that replays current quiz
Next Quiz
Link to next quiz in quiz playlist
You Got
0%
They Got
Avg Score
86%
Avg Friend Score
Upgrade to see
Score Distribution
Jump to the score distribution portion of the page
Score
0/100
Timer
10:00
0
Plays Today
Initials
Names
% Correct
D & D
Daniel
98.5%
D & D
David
97.4%
I & I
Isaac
97.4%
E & N
Nathan
97%
N & N
Nathan
97%
N & N
Nathan
97%
M & N
Nathan
97%
E & E
Ethan
96.6%
E & N
Ethan
96.6%
E & E
Ethan
96.6%
A & E
Ethan
96.6%
M & M
Michael
96.2%
G & M
Michael
96.2%
I & I
Isaiah
95.1%
I & E
Isaiah
95.1%
J & J
James
94.7%
J & J
Jayden
94.3%
J & J
Jayden
94.3%
J & K
Jayden
94.3%
A & J
Jayden
94.3%
J & J
Jayden
94.3%
M & M
Matthew
93.6%
A & B
Benjamin
93.6%
A & M
Matthew
93.6%
A & B
Benjamin
93.6%
B & S
Benjamin
93.6%
B & W
Benjamin
93.6%
M & N
Matthew
93.6%
J & J
Jacob
93.2%
J & J
Joshua
93.2%
J & C
Joshua
93.2%
J & J
Jacob
93.2%
J & L
Jacob
93.2%
B & W
William
93.2%
Initials
Names
% Correct
H & W
William
93.2%
J & J
Joshua
93.2%
A & B
Alexander
92.1%
A & N
Alexander
92.1%
A & A
Alexander
92.1%
A & A
Alexander
92.1%
C & C
Christopher
91.7%
J & J
John
91.3%
N & N
Noah
91.3%
A & N
Noah
91.3%
N & N
Noah
91.3%
J & N
Noah
91.3%
A & M
Andrew
90.9%
A & B
Andrew
90.9%
A & A
Andrew
90.9%
A & A
Andrew
90.9%
L & L
Lucas
90.6%
J & L
Lucas
90.6%
H & W
Henry
90.6%
A & E
Aiden
90.2%
A & N
Aiden
90.2%
J & J
Jordan
89.8%
I & E
Elijah
89.8%
E & E
Elijah
89.8%
J & J
Jordan
89.8%
L & L
Logan
88.3%
L & L
Logan
88.3%
L & L
Logan
88.3%
L & L
Logan
88.3%
L & M
Logan
88.3%
A & N
Nicholas
87.9%
N & N
Nicholas
87.9%
N & N
Nicholas
87.9%
E & E
Evan
87.5%
Initials
Names
% Correct
C & C
Christian
87.5%
L & M
Mason
86.8%
M & M
Mason
86.8%
J & J
Joseph
86.4%
J & J
Jason
84.9%
J & J
Justin
84.9%
J & J
Justin
84.9%
L & L
Luke
84.5%
L & L
Liam
83%
J & K
Kayden
82.6%
L & L
Landon
81.9%
B & S
Samuel
81.5%
J & C
Caleb
80.4%
A & A
Anthony
80.4%
A & A
Anthony
80.4%
B & B
Brandon
79.2%
H & H
Hayden
78.1%
J & N
Jonah
77%
J & J
Jeremiah
76.2%
J & J
Jeremiah
76.2%
G & M
Gabriel
74.7%
J & J
Jeremy
74.7%
J & J
Josiah
73.6%
H & H
Hunter
72.8%
G & G
Gavin
68.7%
J & J
Jaylen
64.2%
A & J
Ayden
60.8%
C & C
Chase
60.4%
B & B
Bryan
57.7%
G & G
Garrett
56.2%
C & C
Chance
53.2%
M & M
Maddox
27.5%
Quiz Playlist
Details
Report
Send in Message
Add To Playlist
Classic:
Type in answers that appear in a list
Last Updated: Jun 28, 2017
Quiz Scoreboard
CHALLENGE
Sign Up to Join the Scoreboard
Show All
Scores
Hide
Comments
May contain spoilers
Recently Published
TV Characters by Other Roles V
by ghcgh
Television
5m
Decade Duel: World Leaders
by jenniferyan
History
4m
Alphabetical 'K' Countries by Flag Minefield
by ylime102
Geography
3m
More to Explore
Quiz From the Vault
Featured Blog Post
15 Basketball Trivia Facts You Can Be March Mad About
hide this ad
You Might Also Like...
Tags
2016
Baby
Boy
initial
Twins
Today's Top Quizzes in Miscellaneous
Browse Miscellaneous
hide this ad
Today's Top Quizzes in initial
Browse initial
Top Contributed Quizzes in Miscellaneous
1
The JOE quick-fire general knowledge quiz: Day 166
2
Spring Months consonants
3
Pick 6: Supreme Pizza
4
The JOE quick-fire general knowledge quiz: Day 165
5
Pick 6: Vegetables
6
Four Seasons
7
Pick 6: University Mascots
8
Guess the 'S' Things in 3 Words
9
Sporcle Acrostic Puzzle XXXV
10
The JOE quick-fire general knowledge quiz: Day 164
Explore More
Trending Topics
Marvel
Anime
Kpop
Disney
Harry Potter
NBA
Crossword
The Office
Soccer
Puzzle
NFL
Pokémon
WWE
Country
Song
hide this ad
More By:
Winter7
Quiz
Plays
Rating
Category
Featured
Created
Baby Names US Girls 2001 Top 200
690
4.67
Just For Fun
Nov 30, 2015
Twin Girl Baby Names (2013)
546
5.00
Miscellaneous
Feb 23, 2015
Twin Boy/Girl Baby Names (2013)
509
5.00
Miscellaneous
Feb 23, 2015
2016 Baby Names Girl/Girl Twins
338
5.00
Miscellaneous
Jun 27, 2017
Top 100 Baby Names 2013 (Girls)
330
4.67
Just For Fun
May 11, 2014
Go to Creator's Profile
Score Distribution
Quiz Creator Spotlight
Winter7
Follow
Send a Message
Quizzes Created
-
Created Quiz Play Count
-
More By This Creator
Popular Quizzes Today
1
Countries of Asia Without Outlines Minefield
2
Find the US States - No Outlines Minefield
3
Pick 6: Fruits
4
The Countries of the World
5
Alphabetical 'K' Countries by Flag Minefield
6
Find the Countries of Europe - No Outlines Minefield
7
US States
8
Find the US States
More Miscellaneous Quizzes
Identify the Queen Terms
Quiz Lab
Trending Quizzes
Pick 6: Mountains
Pick 6: Harry Potter
Pick 6: Flags
Pick 6: NFL Teams
Pick 6: Movie Franchises
Recently Updated
Adaptations: Name the Title
pecheneg
NWSL Teams
pecheneg
Women's Final Four Teams by Year
bhenderson79
Presidents Quartet II
eogle
Anything But Clue(do)
eogle
Anything But Oceanian Capitals
eogle
Anything But 7
eogle
Anything But Thing
eogle
Word Ladder: February 29
pecheneg
Song Title Questions
pecheneg
Trending Topics
Anime
Crossword
Marvel
Harry Potter
Disney
NBA
Kpop
Puzzle
WWE
Country
Soccer
NFL
Song
The Office
Pokémon
Your Account Isn't Verified!
In order to create a playlist on Sporcle, you need to verify the email address you used during registration. Go to your
Sporcle Settings
to finish the process.
Report this User
Report this user for behavior that violates our
Community Guidelines
.
Details:
Send Report
Go to the Sporcle.com Mobile Site →
Comments